00558nam a2200169Ia 4500952012900000999001700129003000400146005001700150008004100167040000900208082001500217100003300232245004700265260003100312300000900343942003600352 00102ddc40708HISTORYaMESbMEScHISd2019-02-20g55.00l0o942 KAR/Hp23129r2019-02-20 00:00:00w2019-02-20yBKzGL38R1 c20548d20548OSt20200703100522.0190216s9999||||xx |||||||||||||| ||und|| coclc a942bKAR/H aKarively, Luka Mathen 93485 0aHistory Of England /cLuka Mathen Karively bS Vishwanathan Pvt,c1996. a289p cBK2ddch942iKAR/Hk942mKAR/H